000 00444nam a22001817a 4500
003 MPLRDC
005 20220104113859.0
008 210129b ||||| |||| 00| 0 eng d
020 _a962-447-015-4
082 _a848.3 LFY-3 v.3
100 _a梁凤仪著
245 _a再战江湖
_c
260 _a
_b勤加缘出版社
_c1991
300 _b
490 _a梁凤仪散文系列;3
650 _a现代别集
942 _cBK
_o848.3 LFY-3 v.3
999 _c3088
_d3078